000 00334nam a2200133Ia 4500
008 240624s9999 xx 000 0 und d
041 _aeng
082 _a371.3 GAR
100 _aGARRISON RANDY
245 _aBLENDED LEARNING IN HIGHER EDUCATION FRA
260 _c2007
_aNew Jersey
_bJossey-Bass
300 _a272 : p.
365 _c
_b25
999 _c20245
_d20245